00493nam a2200145Ia 4500008004100000041000800041082001500049100002000064245003400084260004400118300003000162365001100192999001700203952012700220240624s9999 xx 000 0 und d aeng a423.52 DIX aDIXSON ROBERT J aEVERYDAY DIALOGUES IN ENGLISH c2008aNew DelhibPrentice-Hall of India axi, : 189 : p. : cm. ; 24 cRSb36 c10219d10219 02104070aIMTNbIMTNcRack 15-Bd2008-09-20eIBHg95.00n1473o423.52 DIXp10219r2024-06-24 00:00:00t1w2024-06-24yBK